| 000 | 00961nam a2200229 i 4500 | ||
|---|---|---|---|
| 001 | 174391 | ||
| 003 | ES-MaACL | ||
| 005 | 20250831063042.0 | ||
| 008 | 100413s1812 sp |||| | spa d | ||
| 080 | _a946.0"1808/1814"(093) | ||
| 100 | 1 |
_aBallesteros López, Francisco, _d1770-1833 _9125789 |
|
| 245 | 1 | 0 | _aContextacion [sic] de D. Francisco Vallesteros al oficio que recibió de la exoneracion de su mando. |
| 260 |
_aCadiz : _b[s.n., _c1812] ( _fImpr. de Guerrero) |
||
| 300 |
_a[4] p. ; _c22 cm. |
||
| 505 | 8 | _aRepruduce y contiene la nota firmada por Virués | |
| 594 | _aTít. tomado de principio del texto, sin portada. | ||
| 596 | _aDatos de publicación tomados del colofón. | ||
| 651 | 4 |
_aEspaña- _xHistoria- _y1808-1814, Guerra de la Independencia- _vFuentes. _9142504 |
|
| 700 | 1 |
_aVirués Spínola, José Joaquín, _d1770-1840 _9142505 |
|
| 852 |
_aES-MaACL _jR-3308(2) _z.- Encuadernado con otras obras |
||
| 999 |
_c174391 _d174391 |
||